| 000 | 00717nam a2200193 a 4500 | ||
|---|---|---|---|
| 001 | 000039852 | ||
| 005 | 20201002033754.0 | ||
| 008 | 130725s2005 sp a 000 0 spa d | ||
| 020 | _a8400084152 | ||
| 040 |
_aDO-SdBNP _bspa _cBNPHU |
||
| 100 | 1 |
_aNeira Faleiro, Concepción _966047 |
|
| 245 | 1 | 3 |
_aLa notitia dignitatum : _bnueva edición crítica y comentario histórico / _cConcepción Neira Faleiro. |
| 260 |
_aMadrid : _bConsejo Superior de Investigaciones Científicas, _c2005. |
||
| 300 |
_a697 p. ; : _bil. ; _c24 cm. |
||
| 490 | 1 |
_aNueva Roma ; _v25 |
|
| 504 | _aIncluye referencias bibliográficas y notas al pie de las páginas | ||
| 504 | _aBibliografía : p. 688 -697 | ||
| 830 | 0 |
_aNueva Roma ; _v25 _915353 |
|
| 999 |
_c39342 _d39342 |
||